The theory of stochastic processes
Αποθηκεύτηκε σε:
| Κύριος συγγραφέας: | |
|---|---|
| Άλλοι συγγραφείς: | |
| Μορφή: | Βιβλίο |
| Γλώσσα: | English |
| Δημοσίευση: |
Boca Raton :
Chapman and Hall, CRC Press,
1996, c1965
|
| Θέματα: | |
| Ετικέτες: |
Προσθήκη ετικέτας
Δεν υπάρχουν, Καταχωρήστε ετικέτα πρώτοι!
|
MARC
| LEADER | 00000nam a2200000 i 4500 | ||
|---|---|---|---|
| 001 | 1/103554 | ||
| 008 | 090401r19961965 eng d | ||
| 020 | |a 0-412-15170-7 | ||
| 035 | |l 10104094 | ||
| 040 | |a GR-MY-UA |b gre |e aacr | ||
| 041 | 0 | |a eng | |
| 082 | 0 | |a 519.2 |2 (22) | |
| 100 | 1 | |a Cox, D. R. |q (David Roxbee) | |
| 245 | 1 | 4 | |a The theory of stochastic processes / |c D.R. Cox and H.D. Miller |
| 260 | |a Boca Raton : |b Chapman and Hall, |b CRC Press, |c 1996, c1965 | ||
| 300 | |a x, 398 σ.; |c 24 εκ. | ||
| 504 | |a Βιβλιογραφία : σ. 378-385 | ||
| 504 | |a Ευρετήριο: σ. 387-398 | ||
| 650 | 0 | 0 | |a Stochastic processes. |
| 700 | 1 | |a Miller, Hilton David. | |
| 852 | |a INST |b LESVOS |e 20090401 |h 519.2 COX |p 005100044690 |q 005100044690 |t BK |y 0 | ||
| 901 | |a BIBL1-2009-1 | ||
| 909 | |a Λ |b 154269 | ||
| 922 | |a 1ΕΛΗ |b 200809 |c ΕΠΕΑΕΚ2/ΤΓ |d ΜΙΧΑΛΟΠΟΥΛΟΣ | ||
| 970 | |a ΚΑΡΑ |b ΓΙΑΣΕΜΗ |z 2009/04/01 | ||